| 000 | 00590nam a2200193Ia 4500 | ||
|---|---|---|---|
| 008 | 150223s9999 xx 000 0 und d | ||
| 050 |
_aQD 478 _b.R231 2010 |
||
| 100 | _aRastogi, Arun. | ||
| 245 |
_aSolid state: _bChemistry / _cArun Rastogi. |
||
| 250 | _a1st edition | ||
| 260 |
_aNew delhi: _bAnmol Publications PVT. LTD., _c2010 |
||
| 300 |
_a288 pages : _bIllustration; _c22 cm. |
||
| 504 | _aIncludes Index. | ||
| 650 | _aCrystallography. | ||
| 650 | _aMagnetic and dielectric. | ||
| 650 | _aPhases equilibrium. | ||
| 650 | _aProperties of solid. | ||
| 650 | _xChemical bonding. | ||
| 999 |
_c283265 _d283265 |
||